Customer Centered Selling: (Record no. 325005)

MARC details
000 -LEADER
fixed length control field 00492nam a2200169Ia 4500
008 - FIXED-LENGTH DATA ELEMENTS--GENERAL INFORMATION
fixed length control field 230718s9999 xx 000 0 und d
020 ## - INTERNATIONAL STANDARD BOOK NUMBER
International Standard Book Number 9781439144633
041 ## - LANGUAGE CODE
Language code of text/sound track or separate title eng
082 ## - DEWEY DECIMAL CLASSIFICATION NUMBER
Classification number 658.8'1
Item number JOL
100 ## - MAIN ENTRY--PERSONAL NAME
Personal name Jolles R.L.
9 (RLIN) 117371
245 ## - TITLE STATEMENT
Title Customer Centered Selling:
Remainder of title Sales Techniques For A New World Economy
260 ## - PUBLICATION, DISTRIBUTION, ETC. (IMPRINT)
Date of publication, distribution, etc. 2009
Name of publisher, distributor, etc. Free Press
300 ## - PHYSICAL DESCRIPTION
Extent 362
365 ## - TRADE PRICE
Currency code Rs.
Price amount 528.00
700 ## - ADDED ENTRY--PERSONAL NAME
Personal name Jolles R.L.
9 (RLIN) 117371
906 ## - LOCAL DATA ELEMENT F, LDF (RLIN)
d O:0085605-Jun-2010B:408703-May-2010
c MGMT
b 105.6
Holdings
Withdrawn status Lost status Damaged status Not for loan Home library Current library Date acquired Vendor Budget Code Cost, normal purchase price Bill number Total Checkouts Full call number Barcode Date last seen Discount Cost, replacement price Bill Date Koha item type Original Barcode
        Cummins College of Engineering for Women Pune Cummins College of Engineering for Women Pune 05/06/2010 Tbs MGMT 422.40 4087   658.8'1 CCEP-BK-36212 18/07/2023 105.6 528.00 03/05/2010 Books 036212